000 02180cam a22004694i 4500
003 PE-LiUPU
005 20250731172940.0
008 150623s r 000 0 d
020 _a0385037570
035 _a(Sirsi) i9780385037570
040 _aPE-LiUPU
_bspa
_cPE-LiUPU
_erda
049 _aPRUA
082 0 4 _a220.7
_bAB1965
_221
100 1 _aMyers, Jacob M.,
_eautor.
245 1 0 _aII Chronicles.
_n13 /
_cJacob M.
264 1 _aNew York :
_bDoubleday,
_c1965.
300 _a268 páginas ;
_c24 centímetros
336 _atext
_2rdacontent
337 _aunmediated
_2rdamedia
338 _avolume
_2rdacarrier
490 0 _aThe Anchor Bible ;
_v13
504 _aIncluye bibliografía.
505 0 _aSolomon takes over the kingdom. - Building the temple: preparations. - Building the temple: Construction. - Building the temple: Furnishings. - Building the temple: Removal of the ark God's approval. - Building the temple : Solomon's dedication and prayer. - Building the temple: The dedication ceremony. - The reino of Rehoboam: The rebellion of Israel. - The reign of Rehoboam: Establishing the kingdom. - The reing of rehoboam: abandonment of Yahweh. - The reing of abijah. - The reign of Hezekiah: rehabilitation of the temple. - The reign of Manasseh. - The reign of Amon. - The reign of Josiah: discovery of the lawbook of Moses. - The reigns of Jehoahaz, Jehoiakim, and Jehoiachim. - The reign of Zedekiah. The exile. -The decree of Cyrus.
526 _aSEG42
526 _aSEG41
526 _aSEG40
526 _aSEG39
526 _aP94
526 _aP87
526 _aP86
526 _aP85
526 _aP77
526 _aP76
526 _aP35
630 _aBiblia.
_pA.T.
_pCrónicas II
_xComentarios.
942 _2ddc
_cBOOK
949 _a220.7 AB 13 1965
_wDEWEY
_c1
_i44551
_lCCODEBUL1
_mBUL
_r0
_sY
_tBOOK
_u2015-6-24
_xTEOLOGIA
_PP35
_0COMPRA
_o.STAFF. Colección General
994 _aC0
_bPEPRU
596 _a1
999 _a220.7 AB 13 1965
_wDEWEY
_c21436
_i44551
_d21436
_f2021-11-9
_g5
_lCCODEBUL1
_mBUL
_q2
_r0
_sY
_tBOOK
_u2015-6-24
_xTEOLOGIA
_PP35
_0COMPRA
_o.STAFF. Colección General
980 _81
_gALBERTO SANCHEZ Responsable de Automatización